Woman's World - Little Mix - All Lyrics - Statistics

General Stats
  • This quiz has been taken 63 times
  • The average score is 454 of 468
Answer Stats
Answer % Correct
a
100%
A
100%
and
100%
And
100%
be
100%
be)
100%
be,
100%
body,
100%
brains
100%
But
100%
but
100%
change
100%
gonna
100%
got
100%
got)
100%
gotta
100%
heard
100%
her
100%
how
100%
I
100%
If
100%
if
100%
in
100%
In
100%
it
100%
it's
100%
It's
100%
just
100%
Just
100%
na, na, na
100%
never
100%
Never
100%
no
100%
(No,
100%
no)
100%
no,
100%
No,
100%
(No)
100%
not
100%
(Oh)
100%
oh
100%
(Oh,
100%
Oh,
100%
oh)
100%
Only
100%
only
100%
(Only
100%
ooh)
100%
she
100%
She
100%
She’s
100%
shouted
100%
speak
100%
that
100%
that,
100%
(That
100%
that's
100%
the
100%
to
100%
uh-huh
100%
way"
100%
way
100%
wear,
100%
What
100%
When
100%
woman's
100%
(Woman's)
100%
woman's,
100%
work
100%
world
100%
world,
100%
world)
100%
(World,
100%
(Yeah,
100%
"You
100%
you
100%
You
100%
(You
100%
Ain't
96%
ain't
96%
ain't)
96%
body's
96%
can't
96%
'cause
96%
daughter
96%
day
96%
day)
96%
ever
96%
Every
96%
every
96%
insane?
96%
know
96%
Know
96%
livin'
96%
living,
96%
living
96%
(Living
96%
living)
96%
Living
96%
made
96%
same
96%
see
96%
tells
96%
told
96%
Try
96%
try,
96%
try
96%
(Try
96%
try)
96%
(Try)
96%
underpaid
96%
want
96%
“Baby,
93%
been
93%
come?"
93%
face"
93%
goes
93%
harder
93%
is
93%
job
93%
lived
93%
(One
93%
overworked
93%
pretty
93%
says,
93%
that's
93%
think
93%
you're
93%
“Don’t
89%
don't
89%
gonna
89%
single
89%
there
89%
man,
85%
much
85%
night
85%
than
85%
turn,
81%
water
81%
will
81%
works
81%
everyone's
78%
really
74%
treated
74%
stop
70%
This
70%
(This
70%
this
70%
tide
70%
we'll
70%
whisper
70%
yeah,
70%
yeah
70%
at
67%
we've
67%
far
63%
There’s
63%
look
59%
No matching quizzes found
Score Distribution
Percent of People with Each Score
Percentile by Number Answered
Your Score History
You have not taken this quiz